The defect chemistry of metal oxides (0 19 511014 5)

Gespeichert in:
Bibliographische Detailangaben
1. Verfasser: D M SMYTH
Format: Buch
Sprache:Undetermined
Veröffentlicht: Oxford 2000
Tags: Tag hinzufügen
Keine Tags, Fügen Sie den ersten Tag hinzu!
Thư viện lưu trữ: Trung tâm Học liệu Trường Đại học Cần Thơ
LEADER 00392nam a2200145Ia 4500
001 CTU_49605
008 210402s9999 xx 000 0 und d
082 |a 548.8 
082 |b S667 
100 |a D M SMYTH 
245 4 |a The defect chemistry of metal oxides (0 19 511014 5) 
245 0 |c D M SMYTH 
260 |b Oxford 
260 |c 2000 
980 |a Trung tâm Học liệu Trường Đại học Cần Thơ